| 000 | 00695nam a2200181 i 4500 | ||
|---|---|---|---|
| 001 | 46659 | ||
| 003 | ES-MaACL | ||
| 005 | 20230906161426.0 | ||
| 007 | t| | ||
| 008 | 030331s1969 sp ||||1| spa d | ||
| 111 | 2 |
_aCongreso Internacional de Donantes de Sangre ( _n6º. _d1968. _cEspaña) _9418 |
|
| 245 | 1 | 0 |
_aVI Congreso Internacional de Donantes de Sangre _b: 7-10 nov. 1968. |
| 260 |
_a[Madrid : _bs.n., _c1969] |
||
| 300 |
_a353 p., 1 lám. : _bil. ; _c27 cm. |
||
| 500 | _aPrecede al tít.: Federación Internacional de Organizaciones de Donantes de Sangre. | ||
| 710 | 2 |
_aFederación Internacional de Organizaciones de Donantes de Sangre. _94110 |
|
| 852 |
_aES-MaACL _jC-42327 _bR.71795 |
||
| 999 |
_c46659 _d46659 |
||